| 000 | 00812nam a2200241Ia 4500 | ||
|---|---|---|---|
| 003 | OSt | ||
| 005 | 20220923224559.0 | ||
| 006 | a|||||r|||| 00| 0 | ||
| 007 | ta | ||
| 008 | 220922b |||||||| |||| 00| 0 pan d | ||
| 020 | _c110 | ||
| 024 | _a243,680 | ||
| 037 |
_b194, 08/10/2010, H.K. Prakashan _cTextual |
||
| 040 |
_aARTS _cARTS _bpan |
||
| 041 |
_2pan _apan |
||
| 082 | _aY73(P153):351, 153P3 | ||
| 100 |
_aਜਸਵਿੰਦਰ ਸਿੰਘ _9156275 |
||
| 245 | 0 | _aਪੰਜਾਬੀ ਲੋਕ-ਸਾਹਿਤ Fਾਸਤਰ | |
| 260 |
_aਪਟਿਆਲਾ _b ਪਬਲਿਕੇFਨ ਬਿਊਰੋ _c2003 |
||
| 300 |
_a133ਪੰ _ccm. |
||
| 942 |
_hY73(P153):351, 153P3 _cTEXL _2CC |
||
| 999 |
_c372338 _d372338 |
||